| 000 | 00452nam a22001697a 4500 | ||
|---|---|---|---|
| 003 | CEME | ||
| 005 | 20210628203236.0 | ||
| 008 | 210119b xxu||||| |||| 00| 0 eng d | ||
| 040 | _cceme | ||
| 082 | _a956.70442 WAT | ||
| 100 |
_aWatson, Bruce .W , George, Bruce _964217 |
||
| 245 | _aMilitary lessons of the gulf war | ||
| 260 |
_aLAHORE _bPAF BOOK CLUB _c1992 |
||
| 300 | _a272 P | ||
| 650 |
_aGULF WAR -MILITARY LESSONS _964218 |
||
| 942 |
_cBK _2ddc |
||
| 999 |
_c572790 _d572790 |
||